1876 1654 1759 1801 1775 1169 1614 1529 1394 1548 1757 1921 1323 1451 1433 1312 1333 1613 1950 1472 1880 1313 1765 1633 1248 1423 1606 1087 1411 1139 1119 1154 1417 1545 1180 1090 1659 1553 1245 1582 1368 1499 1349 1903 1124 1605 1493 1697 1526 1276 1259 1767 1770 1341 1507 1510 1930 1849 1596 1038 1793 1965 1404 1196 1904 1636 1840 1080 1723 1626 1345 1103 1144 1552 1704 1460 1235 1783 1085 1569 1452 1151 1608 1902 1653 1560 1663 1271 1617 1548 1415 1817 1433 1290 1579 1508 1064 1322 1891 BCNSPRNW ULIB Ver.6.0+V

เปลี่ยนเป็นภาษาไทย

Change to English
 แสดงรายละเอียดบรรณานุกรม
  กลับหน้าหลัก

Brief Record : Get Marc (ISO 2709) : E-mail record : QR code < ปิดหน้าต่าง
LEADER : 00000nam 2200000uu 4500
001    13399108147
003     ULIB
008    110219s2542||||th 000 0 tha d
020    9746762737
060 04 WF600^bอ545ร 2542
100 0  อัมพรพรรณ ธีรานุตร
245 00 โรคปอดอุดกั้นเรื้อรัง:การดูแลตนเองและการฟื้นฟูสภาพ =^bChronic obstructive pulmonarydisease:Self-care and rehabilitation /^cบรรณาธิการ, อัมพรพรรณ ธีรานุตร
246 31 Chronic obstructive pulmonary disease:Self-care and rehabilitation
250    พิมพ์ครั้งที่ 1
260    ขอนแก่น :^bโรงพิมพ์ศิริภัณฑ์ออฟเซ็ท,^c2542
300    251 หน้า :^bภาพประกอบ
650  7 ผู้ป่วย^xการดูแลตนเอง
650  7 ปอด^x โรคเกิดจากการอุดกั้น
650  7 โรคปอดอุดกั้นเรื้อรัง^xการพยาบาล
650  7 ผู้ป่วย^xการฟื้นฟูสภาพ
710 2  มหาวิทยาลัยขอนแก่น^bคณะพยาบาลศาสตร์^bภาควิชาการพยาบาลอายุรศาสตร์และศัลยศาสตร์
995    ทศพร
999 ^a ใช้งานได้ทุกระบบ
รายการนี้ยังไม่มีแท็ก
คุณยังไม่ได้ล็อกอิน คุณสามารถมีกิจกรรมร่วมกับเว็บไซต์ได้ แต่ต้องล็อกอินก่อน ::
  ล็อกอิน

รายการสื่อสารสนเทศ

ลำดับที่ ประเภท เลขเรียก/บาร์โค้ด สถานที่ สถานะ
- ไม่พบข้อมูล -

รายการใกล้เคียง
    ผู้แต่ง [อัมพรพรรณ ธีรานุตร]

BibComment


ยังไม่เคยถูกคอมเมนท์

คอมเมนท์ทรัพยากรรายการนี้
  คอมเมนท์: โรคปอดอุดกั้นเรื้..


 Copyright 2026. Bcnsprnw @Library